000 00305nam a22001097a 4500
008 230704b xxu||||| |||| 00| 0 eng d
082 _a342.06
_bJAM 1973
245 _aLaw and its Admimistration in a One Party State
260 _bEast African Literature Bureau
_c1973
300 _aVII,150p
942 _2ddc
_cBK
999 _c3655
_d3655